Designing and managing the supply chain : (Record no. 79)

MARC details
000 -LEADER
fixed length control field 00897nam a2200253 a 4500
001 - CONTROL NUMBER
control field 79
005 - DATE AND TIME OF LATEST TRANSACTION
control field 20221127085840.0
008 - FIXED-LENGTH DATA ELEMENTS--GENERAL INFORMATION
fixed length control field 050920s lxxua | 00100|eng d
020 ## - INTERNATIONAL STANDARD BOOK NUMBER
International Standard Book Number 0072492562(hpc) :
Terms of availability SR136.00
035 ## - SYSTEM CONTROL NUMBER
System control number 89
082 04 - DEWEY DECIMAL CLASSIFICATION NUMBER
Classification number 658.7
Item number Si43 2003
100 1# - MAIN ENTRY--PERSONAL NAME
Personal name Simchi-Levi, David.
245 10 - TITLE STATEMENT
Title Designing and managing the supply chain :
Remainder of title concepts, strategies & case studies /
Statement of responsibility, etc. David Simchi-Levi, P. Kaminsky, Edith Simchi-Levi.
250 ## - EDITION STATEMENT
Edition statement 2nd ed.
260 ## - PUBLICATION, DISTRIBUTION, ETC.
Place of publication, distribution, etc. Boston, Mass .:
Name of publisher, distributor, etc. McGraw-Hill,
Date of publication, distribution, etc. 2003.
300 ## - PHYSICAL DESCRIPTION
Extent xxvii, 354 p. :
Other physical details ill. ;
Dimensions 25 cm.
Accompanying material 2CD.
440 #0 - SERIES STATEMENT/ADDED ENTRY--TITLE
Title McGraw-Hill/Irwin series in operations and decision sciences.
504 ## - BIBLIOGRAPHY, ETC. NOTE
Bibliography, etc. note Includes bibl. references and index.
650 #4 - SUBJECT ADDED ENTRY--TOPICAL TERM
Topical term or geographic name entry element Materials management.
650 #4 - SUBJECT ADDED ENTRY--TOPICAL TERM
Topical term or geographic name entry element Business logistics.
650 #4 - SUBJECT ADDED ENTRY--TOPICAL TERM
Topical term or geographic name entry element Management
Form subdivision Case studies.
700 1# - ADDED ENTRY--PERSONAL NAME
Personal name Kaminsky, Philip,
Relator term jt. auth.
700 1# - ADDED ENTRY--PERSONAL NAME
Personal name Simchi-Levi, Edith,
Relator term jt. auth.
Holdings
Withdrawn status Lost status Source of classification or shelving scheme Damaged status Not for loan Home library Current library Date acquired Total Checkouts Full call number Barcode Date last seen Copy number Price effective from Koha item type
          CENTRAL CENTRAL 11/27/2022   658.7 Si43 2003 1000000001441 11/27/2022 C2 11/27/2022 Book
          CENTRAL CENTRAL 11/27/2022   658.7 Si43 2003 1000000003917 11/27/2022 C3 11/27/2022 CD
          CENTRAL CENTRAL 11/27/2022   658.7 Si43 2003 1000000003918 11/27/2022 C4 11/27/2022 CD
          KHOBAR KHOBAR 11/27/2022   658.7 Si43 2003 1000000001440 11/27/2022 C1 11/27/2022 Book